Pays participant à la Coupe d'Afrique des Nations 2025 - Mort Subite - Statistiques

Statistiques générales
  • Ce quiz a été pris 889 fois
  • Le résultat moyen est 10 sur 17
Answers on the Grid
Answers color-coded by a green-red scale on the quiz's grid according to % correct below.
Comores
Mali
Maroc
Zambie
Egypte
Afrique du Sud
Zimbabwe
Ouganda
Tunisie
Algérie
Sénégal
Bénin
Soudan
Gabon
Mozambique
Côte d'Ivoire
Burkina Faso
Ghana
Cap-Vert
Namibie
Gambie
Libéria
Mauritanie
Niger
Togo
Kenya
Tchad
Libye
Burundi
Malawi
 
Statistiques - réponses
Réponse % Correct
Sénégal
73%
Egypte
71%
Algérie
70%
Maroc
70%
Mali
69%
Côte d'Ivoire
68%
Tunisie
66%
Afrique du Sud
63%
Comores
61%
Gabon
59%
Burkina Faso
57%
Bénin
53%
Mozambique
53%
Soudan
52%
Zambie
49%
Ouganda
42%
Zimbabwe
42%
Aucun quiz correspondant
Distribution des résultats
% des personnes avec chaque résultat
Percentile par nombre de réponses
Votre historique - résultats
Vous n’avez pas pris ce quiz